| 000 | 00541nam a2200157Ia 4500 | ||
|---|---|---|---|
| 003 | GCL | ||
| 005 | 20240530105329.0 | ||
| 008 | 140319s9999 xx 000 0 ara d | ||
| 040 |
_aGCL / _cGCL |
||
| 082 | 0 | 4 |
_a361.4 _bم ط |
| 100 | 0 | _aماجدة كمال علام | |
| 245 | 1 | 0 |
_aطريقة العمل مع الجماعات مدخل للتكيف والتنمية والتقويم والاشراف / _cماجدة كمال علام |
| 260 |
_a[S.N] : _bالمكتب الجامعى الحديث ، _c1990 |
||
| 300 | _a240 | ||
| 942 |
_2ddc _cBK |
||
| 999 |
_c54988 _d54988 |
||